| 000 | 00890nam a22002657a 4500 | ||
|---|---|---|---|
| 001 | 5823 | ||
| 003 | FISKH | ||
| 005 | 20250123115010.0 | ||
| 008 | 250123b cb ||||| |||| 00| 0 eng d | ||
| 020 | _a9780241299845 | ||
| 040 |
_aFISKH _beng _cFISKH _dFISKH |
||
| 050 | _aPZ7 | ||
| 082 | _a800 | ||
| 100 | _aDK Publishing | ||
| 245 |
_aChildren's book of mythical beasts & magical monsters : _bAn introduction to fasscinating myths and legends from around the world / _cBy DK Publishing |
||
| 260 |
_aLondon : _bDorling Kindersley Book , _c2011. |
||
| 300 |
_a142 pages : _bcolor illustrations ; _c26 cm . |
||
| 505 | _aZ | ||
| 520 | _aShares stories of heroes and monsters from cultures around the world. | ||
| 521 | 8 |
_a1060
_bLexile IG |
|
| 521 | 8 |
_aZ
_bRaz-Plus |
|
| 650 |
_amulticultural literature _vnon-fiction |
||
| 942 |
_2ddc _cBK _n0 |
||
| 999 |
_c5823 _d5823 |
||